| 000 | 01153cam a2200361 a 4500 | ||
|---|---|---|---|
| 999 |
_c233723 _d233723 |
||
| 001 | 14165082 | ||
| 003 | Nust | ||
| 005 | 20180727100249.0 | ||
| 008 | 051104s2005 nyu 000 1 eng d | ||
| 010 | _a 2005541267 | ||
| 020 |
_a9780752864648 _cRs. 516 |
||
| 035 | _a(DLC)2005541267 | ||
| 035 | _a(OCoLC)ocm61226300 | ||
| 038 | _aArshad | ||
| 040 |
_aIEF _cIEF _dDLC |
||
| 042 | _alccopycat | ||
| 043 | _an-us-ca | ||
| 050 | 0 | 0 |
_aPS3553.O51165 _bC58 2005b |
| 082 | 0 | 4 |
_a813.54 _bCON |
| 100 | 1 |
_aConnelly, Michael, _d1956- _912066 |
|
| 245 | 1 | 4 |
_aThe closers : _ba novel / _cby Michael Connelly. |
| 250 | _a1st ed. | ||
| 260 |
_aNew York : _bLittle, Brown and Co., _c2005. |
||
| 300 |
_a403 p. ; _c24 cm. |
||
| 600 | 1 | 0 |
_aBosch, Harry _vFiction. _912071 |
| 650 | 0 |
_aPolice _zCalifornia _zLos Angeles _vFiction. _912072 |
|
| 650 | 0 |
_aTeenage girls _xCrimes against _vFiction. _911761 |
|
| 650 | 0 |
_aMurder _xInvestigation _zCalifornia _zLos Angeles _vFiction. _912074 |
|
| 655 | 7 |
_aMystery fiction. _2gsafd _95621 |
|
| 906 |
_a7 _bcbc _ccopycat _d2 _encip _f20 _gy-gencatlg |
||
| 942 |
_2ddc _cBK |
||